000 00788nam a22002297a 4500
005 2009021106456.0
008 090211t xxu||||| |||| 00| 0 eng d
010 _aENG-92928
020 _c250.00
035 _aEN-76461
037 _bDBAD / PUB
040 _adpl
_bEnglish
082 _a004.6
100 _aSaravanan, N.
245 _aBasic of network /
_cby N. Saravanan
260 _aChennai
_bSaru Publications
_c2007
270 _a52, N.T.K. Salai, Chepauk,
_bChennai
_e600005
300 _a245p.
_c20cm (pbk)
650 _aComputer networks.
942 _2ddc
_cEN
_mSAR
_h004.6
999 _c23464
_d23464